000 00600nam a2200265Ia 4500
005 20260306163844.0
008 008 260114s9999 xx 000 0 eng d
020 _a9780226309088
037 _aEBOOK
040 _aCRL
040 _beng
040 _cCRL
041 _2eng
041 _aeng
084 _qCRL
100 _aGrindstaff
_91129503
245 4 _aThe Money Shot
260 _bUniversity of Chicago Press
260 _c2013
650 _aSocial Work
856 _uhttps://academic.oup.com/book/17539
942 _cEBOOK
999 _c1711762
_d1711762